| 000 | 01118nas a2200349 4500 | ||
|---|---|---|---|
| 001 | BR0804490 | ||
| 003 | BR-BrBNA | ||
| 005 | 20231205112348.0 | ||
| 007 | ta | ||
| 008 | 230509b bl.|||p| |||| 00| 00por d | ||
| 040 |
_aBR-BrBNA _bpor _cBiblioteca Nacional de Agricultura |
||
| 041 | _a(Pt) | ||
| 072 | _aQ54; L51 | ||
| 100 | 1 | _aSchmidt, P. | |
| 100 | 1 | _aMari, L.J. | |
| 100 | 1 | _aNussio, L.G. | |
| 100 | 1 | _aPedroso, A de F. | |
| 100 | 1 | _aFaziani, S. de F. | |
| 100 | 1 | _aWechsler, F.S. | |
| 245 | 1 | _aAditivos químicos e biológicos na ensilagem de cana-de-açúcar. 1: Composição química das silagens, ingestão, digestibilidade e comportamento ingestivo | |
| 650 | _aGADO DE CORTE | ||
| 650 | _aCANA DE AÇÚCAR | ||
| 650 | _aENSILAGEM | ||
| 650 | _aADITIVO | ||
| 650 | _aCOMPOSIÇÃO QUÍMICA | ||
| 650 | _aINGESTÃO | ||
| 650 | _aDIGESTIBILIDADE | ||
| 650 | _aCOMPORTAMENTO ANIMAL | ||
| 773 | 0 |
_tRevista Brasileira de Zootecnia (Brazil) _xISSN 1516-3598 _g(Sep-Oct 2007), v. 36(5)suplemento p. 1666-1675 _wBR0804490 |
|
| 909 |
_a202311 _bLúcia _c55 _dLúcia Elande |
||
| 942 |
_2AGRIS _n0 _cANA |
||
| 999 |
_c197637 _d197637 |
||